| 000 | 01147cam a2200313 a 4500 | ||
|---|---|---|---|
| 001 | 16000227 | ||
| 003 | OSt | ||
| 005 | 20250815115539.0 | ||
| 008 | 091130s2011 at a b 001 0 eng | ||
| 010 | _a 2009942316 | ||
| 020 | _a9780495813965 | ||
| 020 | _a0495813966 | ||
| 040 |
_aDLC _cDLC _dDLC |
||
| 050 | 0 | 0 |
_aBF698 _b.B84 2011 |
| 082 | 0 | 0 |
_a155.2 _223 |
| 100 | 1 | _aBurger, Jerry M. | |
| 245 | 1 | 0 | _aPersonality |
| 250 | _a8th Ed. | ||
| 260 |
_aAustralia ; _aBelmont, Calif. : _bWadsworth Cengage Learning, _cc2011. |
||
| 300 |
_axix, 518 p. ; _bill. (some col.) ; _c24 cm. |
||
| 504 | _aIncludes bibliographical references (p. 456-502) and indexes. | ||
| 650 | 0 | _aPersonality. | |
| 856 | 4 | 2 |
_3Publisher description _uhttp://www.loc.gov/catdir/enhancements/fy1303/2009942316-d.html |
| 856 | 4 | 1 |
_3Table of contents only _uhttp://www.loc.gov/catdir/enhancements/fy1303/2009942316-t.html |
| 856 | 4 | 2 |
_3Contributor biographical information _uhttp://www.loc.gov/catdir/enhancements/fy1303/2009942316-b.html |
| 906 |
_a7 _bcbc _corignew _d3 _eepcn _f20 _gy-gencatlg |
||
| 942 |
_2lcc _cBK |
||
| 999 |
_c51500 _d51500 |
||